| 000 | 00833nam a2200181 a 4500 | ||
|---|---|---|---|
| 001 | 000039670 | ||
| 005 | 20201002033653.0 | ||
| 008 | 130715s2004 sp 000 0 spa d | ||
| 040 |
_aDO-SdBNP _bspa _cBNPHU |
||
| 100 | 1 |
_aMartín Contreras, Elvira _965862 |
|
| 245 | 1 | 0 |
_aApéndices masoréticos : _bcódice M1 de la Universidad Complutense de Madrid / _cElvira Martín Contreras. |
| 260 |
_aMadrid : _bDepartamento de Filología Bíblica y de Oriente Antiguo, (CSIC,), _c2004. |
||
| 300 |
_aXIX, 185 p. ; _c27 cm. |
||
| 490 | 1 |
_aTextos y Estudios "Cardenal Cisneros" de la Biblia Políglota Matritense _v72 |
|
| 546 | _aTexto en hebreo, español e inglés | ||
| 710 | 2 |
_aConsejo Superior de Investigaciones Científicas (España) _915178 |
|
| 830 | 0 |
_aTextos y Estudios "Cardenal Cisneros" de la Biblia Políglota Matritense _v72 _915280 |
|
| 999 |
_c39160 _d39160 |
||